[Event "Mogliano Veneto op-B 43th"]
[Site "Mogliano Veneto"]
[Date "2023.04.25"]
[Round "4"]
[White "Falasco, Emanuele"]
[Black "Solomon, Eleonora"]
[Result "1/2-1/2"]
[WhiteElo "999"]
[BlackElo "1019"]
[PlyCount "58"]
[EventDate "2023.04.23"]
[EventType "swiss"]
[EventRounds "5"]
[EventCountry "ITA"]
[SourceTitle "EXT 2024"]
[Source "ChessBase"]
[SourceDate "2023.10.10"]
[SourceVersion "1"]
[SourceVersionDate "2023.10.10"]
[SourceQuality "1"]

1. e4 c5 2. Nf3 d6 3. Nc3 Nf6 4. d3 a6 5. Be2 e5 6. h3 Be7 7. 0-0 0-0 8. Kh1 b5 9. a3 Qc7 10. Be3 Bb7 11. Qd2 d5 12. exd5 Nxd5 13. Nxd5 Bxd5 14. c4 Bb7 15. Qc3 Bf6 16. Bg5 Bxg5 17. Nxg5 Qc6 18. Bf3 Qc7 19. Bxb7 Qxb7 20. Nf3 e4 21. dxe4 Qxe4 22. Rfe1 Qxc4 23. Qxc4 bxc4 24. Rac1 Nd7 25. Rxc4 Rfe8 26. Rc2 Rac8 27. Rxe8+ Rxe8 28. Rd2 Nb6 29. Rc2 c4 1/2-1/2

[Event "Mogliano Veneto op-B 43th"]
[Site "Mogliano Veneto"]
[Date "2023.04.25"]
[Round "5"]
[White "Gallega, Enrico"]
[Black "Falasco, Emanuele"]
[Result "0-1"]
[WhiteElo "1152"]
[BlackElo "999"]
[PlyCount "78"]
[EventDate "2023.04.23"]
[EventType "swiss"]
[EventRounds "5"]
[EventCountry "ITA"]
[SourceTitle "EXT 2024"]
[Source "ChessBase"]
[SourceDate "2023.10.10"]
[SourceVersion "1"]
[SourceVersionDate "2023.10.10"]
[SourceQuality "1"]

1. e4 e5 2. d4 d6 3. d5 Nf6 4. Nc3 Be7 5. Bg5 0-0 6. h4 h6 7. Bxf6 Bxf6 8. Nf3 Bg4 9. g3 Qc8 10. Be2 Bxf3 11. Bxf3 Nd7 12. b4 Qe8 13. a4 g5 14. hxg5 Bxg5 15. Bg4 Nf6 16. Bf5 Kg7 17. Nb5 Qe7 18. c4 a6 19. Nc3 Rh8 20. f3 h5 21. Kf2 Rh6 22. Qd3 Rah8 23. Ne2 h4 24. Kg2 hxg3 25. Nxg3 Bf4 26. Rxh6 Rxh6 27. Rg1 Kf8 28. b5 Nh5 29. Nxh5 Rxh5 30. Kf1 Rh2 31. bxa6 bxa6 32. Qb3 Qd8 33. Qb7 Rc2 34. Qxa6 Rc1+ 35. Kf2 Qh4+ 36. Ke2 Rxg1 37. Qc8+ Kg7 38. Qxc7 Qe1+ 39. Kd3 Qd2# 0-1

[Event "Treviso op-C 4th"]
[Site "Treviso"]
[Date "2023.04.02"]
[Round "5"]
[White "Serra, Manuel"]
[Black "Falasco, Emanuele"]
[Result "1/2-1/2"]
[WhiteElo "1108"]
[BlackElo "999"]
[PlyCount "57"]
[EventDate "2023.03.31"]
[EventType "swiss"]
[EventRounds "5"]
[EventCountry "ITA"]
[SourceTitle "EXT 2024"]
[Source "ChessBase"]
[SourceDate "2023.10.10"]
[SourceVersion "1"]
[SourceVersionDate "2023.10.10"]
[SourceQuality "1"]

1. e4 e5 2. Nf3 Nc6 3. Nc3 Nf6 4. Bb5 d6 5. d4 Bd7 6. d5 Ne7 7. Bxd7+ Nxd7 8. Bg5 f6 9. Be3 Ng6 10. Qd2 Be7 11. Ne2 0-0 12. Ng3 Rf7 13. Nf5 Bf8 14. 0-0 Qe8 15. g4 Nc5 16. Bxc5 dxc5 17. c4 Nf4 18. g5 g6 19. Ng3 Qd7 20. Kh1 fxg5 21. Nxe5 Qh3 22. Rg1 Re7 23. Nd3 Bh6 24. f3 Bg7 25. Nf2 Qd7 26. Rae1 Bd4 27. Rgf1 Bxf2 28. Qxf2 Qh3 29. Rg1 1/2-1/2

[Event "Treviso op-C 4th"]
[Site "Treviso"]
[Date "2023.03.31"]
[Round "1"]
[White "Acosta Loor, Tamia"]
[Black "Falasco, Emanuele"]
[Result "1/2-1/2"]
[WhiteElo "1166"]
[BlackElo "999"]
[PlyCount "113"]
[EventDate "2023.03.31"]
[EventType "swiss"]
[EventRounds "5"]
[EventCountry "ITA"]
[SourceTitle "EXT 2024"]
[Source "ChessBase"]
[SourceDate "2023.10.10"]
[SourceVersion "1"]
[SourceVersionDate "2023.10.10"]
[SourceQuality "1"]

1. e4 e5 2. Nf3 Nc6 3. Nc3 d6 4. Bb5 Bd7 5. d3 Nf6 6. Be3 Be7 7. Qd2 h6 8. 0-0-0 0-0 9. d4 Ng4 10. dxe5 Nxe3 11. fxe3 a6 12. Be2 Bg4 13. exd6 Bxd6 14. Nd4 Bxe2 15. Ncxe2 Re8 16. Nxc6 bxc6 17. Nd4 Bc5 18. Nf5 Qxd2+ 19. Kxd2 Rxe4 20. Ke2 Re5 21. Rhf1 Kh7 22. Rd7 Rf8 23. Nd4 Bxd4 24. Rxd4 Rfe8 25. Rf3 R8e7 26. a4 Rd5 27. Rxd5 cxd5 28. Kd3 f6 29. Kd4 Re4+ 30. Kxd5 Rxa4 31. Rf4 Ra2 32. Rb4 a5 33. Rb5 a4 34. Kc4 a3 35. Kc3 axb2 36. Rxb2 Ra8 37. g4 Kg6 38. Rb5 Ra1 39. h4 Rg1 40. h5+ Kh7 41. Rb4 g6 42. Rc4 gxh5 43. Rxc7+ Kg6 44. gxh5+ Kxh5 45. Kd4 Rg6 46. c4 Rg8 47. Kd5 Kg4 48. c5 h5 49. c6 h4 50. Rh7 h3 51. c7 Kg3 52. Rg7+ Rxg7 53. c8Q Rg4 54. Qc7+ Kg2 55. Qd7 Rg3 56. Qe6 h2 57. Qe4+ 1/2-1/2